<?xml version="1.0" encoding="UTF-8"?>
<record
    xmlns:xsi="http://www.w3.org/2001/XMLSchema-instance"
    xsi:schemaLocation="http://www.loc.gov/MARC21/slim http://www.loc.gov/standards/marcxml/schema/MARC21slim.xsd"
    xmlns="http://www.loc.gov/MARC21/slim">

  <leader>01286nam a22002417a 4500</leader>
  <controlfield tag="003">DO-SdBPM</controlfield>
  <controlfield tag="005">20251125072809.0</controlfield>
  <controlfield tag="007">ta</controlfield>
  <controlfield tag="008">171025b1993 sp ||| 00| 0 spa d</controlfield>
  <datafield tag="020" ind1=" " ind2=" ">
    <subfield code="a">8477643512</subfield>
  </datafield>
  <datafield tag="040" ind1=" " ind2=" ">
    <subfield code="a">DO-SdBPM</subfield>
    <subfield code="b">spa</subfield>
    <subfield code="c">BPMSU</subfield>
    <subfield code="e">rda</subfield>
  </datafield>
  <datafield tag="082" ind1=" " ind2="4">
    <subfield code="a">658</subfield>
    <subfield code="b">B582p 1993</subfield>
    <subfield code="2">22</subfield>
  </datafield>
  <datafield tag="245" ind1=" " ind2=" ">
    <subfield code="a">Biblioteca pr&#xE1;ctica de administraci&#xF3;n de la peque&#xF1;a y mediana empresa</subfield>
  </datafield>
  <datafield tag="260" ind1=" " ind2=" ">
    <subfield code="c">1993.</subfield>
  </datafield>
  <datafield tag="264" ind1=" " ind2=" ">
    <subfield code="a">Barcelona :</subfield>
    <subfield code="b"> Oc&#xE9;ano ;</subfield>
    <subfield code="c">1983</subfield>
  </datafield>
  <datafield tag="300" ind1=" " ind2=" ">
    <subfield code="a">volumenes:</subfield>
    <subfield code="b">ilustraciones ;</subfield>
    <subfield code="c">26 cm.</subfield>
  </datafield>
  <datafield tag="505" ind1="0" ind2=" ">
    <subfield code="a">v.1 Estudios de mercado ; Pol&#xED;tica de distribuci&#xF3;n. Personal comercial ; Pol&#xED;tica de promoci&#xF3;n. -- v.2 Necesidad de una direcci&#xF3;n correcta en la peque&#xF1;a y mediana empresa ; Dos temas b&#xE1;sicos en la peque&#xF1;a y mediana empresa: forma jur&#xED;dica y ubicaci&#xF3;n ; Problem&#xE1;tica fiscal y seguro -- v.3 Importancia del elemento humano: formaci&#xF3;n y direcci&#xF3;n de personal ; Comunicaci&#xF3;n entre los diversos niveles de gesti&#xF3;n ; Asesoramiento externo. -- v.4 Registros y funci&#xF3;n contable ; Medios de financiaci&#xF3;n ; Formaci&#xF3;n de precios. 
650	#7$aAdministraci&#xF3;n de empresas. $2BLAAUTO </subfield>
  </datafield>
  <datafield tag="590" ind1=" " ind2=" ">
    <subfield code="a">Inventariado, 2025/VM</subfield>
  </datafield>
  <datafield tag="650" ind1=" " ind2="7">
    <subfield code="a">Administraci&#xF3;n de microempresas. </subfield>
  </datafield>
  <datafield tag="710" ind1="2" ind2=" ">
    <subfield code="a">Grupo Editorial Oceano </subfield>
  </datafield>
  <datafield tag="910" ind1=" " ind2=" ">
    <subfield code="a">VMateo V. Control de calidad. BPMSU </subfield>
  </datafield>
  <datafield tag="942" ind1=" " ind2=" ">
    <subfield code="2">ddc</subfield>
    <subfield code="c">BK</subfield>
  </datafield>
  <datafield tag="952" ind1=" " ind2=" ">
    <subfield code="0">0</subfield>
    <subfield code="1">0</subfield>
    <subfield code="2">ddc</subfield>
    <subfield code="7">0</subfield>
    <subfield code="8">CG</subfield>
    <subfield code="a">BPMET</subfield>
    <subfield code="b">BPMET</subfield>
    <subfield code="d">2017-10-25</subfield>
    <subfield code="e">FUNDI</subfield>
    <subfield code="l">0</subfield>
    <subfield code="o">BPMSU CG 658 B582p 1993</subfield>
    <subfield code="p">BPMSU17100149</subfield>
    <subfield code="r">2017-10-25</subfield>
    <subfield code="t">v.2</subfield>
    <subfield code="w">2017-10-25</subfield>
    <subfield code="y">BK</subfield>
  </datafield>
  <datafield tag="999" ind1=" " ind2=" ">
    <subfield code="c">12693</subfield>
    <subfield code="d">12693</subfield>
  </datafield>
</record>
